LIBRARY & INFORMATION CENTRE, KCAET, TAVANUR

ONLINE PUBLIC ACCESS CATALOGUE (OPAC)

Badampazhanghal / (Record no. 12355)

MARC details
000 -LEADER
fixed length control field 00256cam a2200121ua 4500
003 - CONTROL NUMBER IDENTIFIER
control field OSt
008 - FIXED-LENGTH DATA ELEMENTS--GENERAL INFORMATION
fixed length control field 231113b |||||||| |||| 00| 0 eng d
041 ## - LANGUAGE CODE
Language code of text/sound track or separate title mal
082 ## - DEWEY DECIMAL CLASSIFICATION NUMBER
Classification number 894.812301
Item number KIS/BA
245 ## - TITLE STATEMENT
Title Badampazhanghal /
300 ## - PHYSICAL DESCRIPTION
Number of Pages 68 ; .
942 ## - ADDED ENTRY ELEMENTS (KOHA)
Koha item type Books
Holdings
Withdrawn status Lost status Damaged status Home library Current library Date acquired Full call number Accession Number
      KAUAET KAUAET 13/11/2023 894.812301 KIS/BA 12788
free website counter